01341cam a22003257a 4500003000500000005001700005008004100022010001000063011001000073035001000083040000900093100003400102245020400136260004000340300004600380502010000426530003600526650008300562650003300645650002800678650002600706650003800732650004200770650004200812650003700854650002400891650002100915856006300936856001600999CHAP20220329142820.0040330s2003 mx a r 00010 spa d a88202 a89174 a99725 cCHAP00aBermúdez García, Mario A.13aEl acuerdo de asociación económica, concertación política y cooperación, México - Unión Europea ante el marco de la organización mundial de comercioc/por Mario A. Bermúdez García aChapingo, Méx. :bEl autor,c2003 a257 h. :bilus., gráfs., mapas, cuadros aTesis (Lic. en Economía Agrícola) -- UACH. División de Ciencias Economico-Administrativas aTambién disponible en línea14aAcuerdo de Asociación Económica Concertación Política y Cooperación.14aComercio exteriorzMéxico.14aComercio internacional.14aPolítica comercial.14aPolítica económicazMéxico.14aProductos agrícolasxExportación.14aProductos agrícolasxImportación.14aProductos agrícolasxMercadeo.14aTratadosxMéxico.14aUnión Europea. 3Finding aiduhttp://10.13.5.2/tesis/99725.pdfzTeclea aqui a1 n0000941